The cambridge introduction to Emmanuel Levinas (Record no. 123886)
[ view plain ]
| 000 -LEADER | |
|---|---|
| fixed length control field | 00471nam a22001457a 4500 |
| 008 - FIXED-LENGTH DATA ELEMENTS--GENERAL INFORMATION | |
| fixed length control field | 151215b xxu||||| |||| 00| 0 eng d |
| 020 ## - INTERNATIONAL STANDARD BOOK NUMBER | |
| International Standard Book Number | 9780521141062 |
| 050 ## - LIBRARY OF CONGRESS CALL NUMBER | |
| Classification number | B2430.L484M665 2011 |
| 100 ## - MAIN ENTRY--PERSONAL NAME | |
| Personal name | Morgan, Michael L. |
| 9 (RLIN) | 21337 |
| 245 ## - TITLE STATEMENT | |
| Title | The cambridge introduction to Emmanuel Levinas |
| Statement of responsibility, etc | / by Michael L. Morgan |
| 260 ## - PUBLICATION, DISTRIBUTION, ETC. (IMPRINT) | |
| Place of publication, distribution, etc | New York |
| Name of publisher, distributor, etc | Cambridge University Press |
| Date of publication, distribution, etc | 2011 |
| 300 ## - PHYSICAL DESCRIPTION | |
| Extent | ix, 259p. |
| Dimensions | 23cm. |
| 600 ## - SUBJECT ADDED ENTRY--PERSONAL NAME | |
| Personal name | Levinas, Emmanuel |
| 9 (RLIN) | 21338 |
| 942 ## - ADDED ENTRY ELEMENTS (KOHA) | |
| Source of classification or shelving scheme | Library of Congress Classification |
| Item type | Monograph ( Printed materials) |
| Withdrawn status | Lost status | Source of classification or shelving scheme | Damaged status | Not for loan | Home library | Current library | Date acquired | Total Checkouts | Full call number | Barcode | Date last seen | Date last borrowed | Price effective from | Koha item type |
|---|---|---|---|---|---|---|---|---|---|---|---|---|---|---|
| Library of Congress Classification | ARRUPE LIBRARY | ARRUPE LIBRARY | 15/12/2015 | 10 | B2430.L484M665 2011 | 46500005679 | 16/01/2018 | 04/01/2018 | 15/12/2015 | Monograph ( Printed materials) |